| 000 | 00552nam a2200169Ia 4500 | ||
|---|---|---|---|
| 008 | 240729s9999 xx 000 0 und d | ||
| 022 | _a2642-5890 | ||
| 245 | 4 | _aThe Encyclopedia of the History of Science | |
| 260 | _aUnited States | ||
| 260 | _bCarnegie Mellon University Libraries Publishing Service | ||
| 650 | _a History of scholarship and learning. The humanities | ||
| 650 | _a Science (General) | General Works | ||
| 650 | _aScience | ||
| 856 | _uhttps://doaj.org/toc/f72d5e0df7724a90b7dd9db99d2d26e3 | ||
| 942 | _2ddc | ||
| 942 | _cDOAJEJ | ||
| 999 |
_c67467 _d67467 |
||
| 945 |
_a1 _bMadushi Gamage _c1 _dMadushi Gamage |
||